Animals A-O - Statistics

General Stats
  • This quiz has been taken 61 times
  • The average score is 14 of 15
Answer Stats
Picture Answer % Correct
Ant
100%
Bear
98%
Cat
98%
Dog
98%
Lion
98%
Goat
96%
Ostrich
96%
Fish
94%
Hamster
94%
Iguana
94%
Kangaroo
94%
Monkey
94%
Elk
88%
Jackal
82%
Newt
78%
No matching quizzes found
Score Distribution
Percent of People with Each Score
Percentile by Number Answered
Your Score History
You have not taken this quiz